[Event "Rated Blitz game"]
[Site "?"]
[Date "2021.02.15"]
[Round "?"]
[White "Cagnus_Marlsen64"]
[Black "moustiblanc"]
[Result "1/2-1/2"]
[WhiteElo "2296"]
[BlackElo "2446"]
[PlyCount "136"]
[EventDate "2021.??.??"]
[EventType "blitz"]
[TimeControl "300"]

1. e4 e5 2. Nf3 Nc6 3. Nc3 Nf6 4. Nxe5 Nxe5 5. d4 Ng6 6. e5 Ng8 7. Bc4 c6 8.
O-O d5 9. exd6 Bxd6 10. f4 Be6 11. d5 Qb6+ 12. Kh1 O-O-O 13. dxe6 fxe6 14.
Bxe6+ Kb8 15. Qf3 Nf6 16. Be3 Qc7 17. Rad1 Rhe8 18. Bb3 Nh4 19. Qh3 Nf5 20.
Bxa7+ Kxa7 21. Qxf5 Rf8 22. Qg5 h5 23. Rd4 Ng4 24. Ra4+ Kb8 25. Qa5 Qxa5 26.
Rxa5 Bxf4 27. Rxh5 Bxh2 28. Rxf8 Rxf8 29. Bc4 Bc7 30. Ne4 Rd8 31. Bd3 Ne5 32.
Rh3 Rd4 33. Kg1 Bb6 34. Kf1 Rb4 35. b3 Rd4 36. Ke2 Rd8 37. Rg3 g6 38. Rg5 Bc7
39. Rg3 Re8 40. Rh3 Ka7 41. Rh7 Bb6 42. Kd2 Rf8 43. Kc3 Rd8 44. Kb2 Bd4+ 45.
Ka3 Bb6 46. Re7 Nxd3 47. cxd3 Rxd3 48. Nf6 Bc5+ 49. Kb2 Bxe7 50. Ng4 Rd2+ 51.
Kc3 Rxg2 52. Ne5 Bf6 53. Kc4 Bxe5 54. Kc5 Rxa2 55. b4 Rb2 56. b5 Rxb5+ 57. Kc4
g5 58. Kd3 g4 59. Kc4 g3 60. Kd3 g2 61. Kc4 g1=Q 62. Kd3 Qd1+ 63. Ke3 Rb3+ 64.
Ke4 Qd4+ 65. Kf5 Rf3+ 66. Ke6 Bd6 67. Kd7 Qe4 68. Kc8 Qe7 {Normal} 1/2-1/2

[Event "Rated Blitz game"]
[Site "?"]
[Date "2021.02.15"]
[Round "?"]
[White "lederman"]
[Black "AZ-Heerenven"]
[Result "1/2-1/2"]
[WhiteElo "2411"]
[BlackElo "2414"]
[PlyCount "109"]
[EventDate "2021.??.??"]
[EventType "blitz"]
[TimeControl "180+2"]

1. e4 Nf6 2. Nc3 e5 3. Nf3 Nc6 4. Nxe5 Nxe5 5. d4 Ng6 6. e5 Bb4 7. exf6 Qxf6 8.
Be3 O-O 9. g3 d5 10. Bg2 c6 11. h4 Ne7 12. Qf3 Qxf3 13. Bxf3 Nf5 14. Kd2 Nxe3
15. fxe3 Bf5 16. g4 Bd7 17. a3 Ba5 18. b4 Bc7 19. e4 dxe4 20. Nxe4 Rad8 21. c3
Rfe8 22. Rae1 a5 23. Nc5 Bc8 24. Rxe8+ Rxe8 25. g5 Bf4+ 26. Kc2 Bf5+ 27. Kb3 b6
28. Bxc6 Re2 29. Rf1 Bc2+ 30. Kc4 Bg3 31. Nd7 axb4 32. axb4 Bxh4 33. Ne5 Bxg5
34. Bd5 Bf6 35. Nxf7 Kf8 36. Ne5 h5 37. Nd7+ Ke7 38. Nxf6 gxf6 39. Rh1 Bg6 40.
Rg1 Be8 41. Rg7+ Kd6 42. Bf7 Re7 43. Bxe8 Rxg7 44. Bxh5 f5 45. Bf3 f4 46. Kd3
Rc7 47. c4 Ra7 48. Ke4 Ra4 49. c5+ bxc5 50. bxc5+ Ke6 51. c6 Kd6 52. Kxf4 Rxd4+
53. Ke3 Rc4 54. Bg2 Rxc6 55. Bxc6 {Normal} 1/2-1/2

[Event "Rated Blitz game"]
[Site "?"]
[Date "2021.02.14"]
[Round "?"]
[White "maximsnigurov"]
[Black "AntaniChess"]
[Result "0-1"]
[WhiteElo "2573"]
[BlackElo "2473"]
[PlyCount "52"]
[EventDate "2021.??.??"]
[EventType "blitz"]
[TimeControl "180"]

1. e4 e5 2. Nf3 Nc6 3. Nc3 Nf6 4. Nxe5 Nxe5 5. d4 Ng6 6. e5 Ng8 7. Bc4 N8e7 8.
Qf3 d5 9. exd6 Qxd6 10. Bxf7+ Kd8 11. Ne4 Qc6 12. O-O Nf5 13. d5 Qb6 14. Bg5+
Be7 15. Rfe1 Ne5 16. Bxe7+ Nxe7 17. Qf4 Nxf7 18. Qxf7 Qg6 19. Nd6 Qxd6 20. Qxg7
Rg8 21. Qxh7 Bf5 22. Qh4 Kd7 23. c4 Rh8 24. Qg3 Rag8 25. Qxd6+ cxd6 26. f3 Ng6
{Normal} 0-1

[Event "Rated Blitz game"]
[Site "?"]
[Date "2021.02.14"]
[Round "?"]
[White "lederman"]
[Black "marktven22"]
[Result "0-1"]
[WhiteElo "2401"]
[BlackElo "2561"]
[PlyCount "64"]
[EventDate "2021.??.??"]
[EventType "blitz"]
[TimeControl "180+2"]

1. e4 e5 2. Nc3 Nf6 3. Nf3 Nc6 4. Nxe5 Nxe5 5. d4 d6 6. dxe5 dxe5 7. Qxd8+ Kxd8
8. Bg5 Be6 9. O-O-O+ Kc8 10. f3 Bc5 11. Bb5 h6 12. Bd2 c6 13. Ba4 Kc7 14. Bb3
Rhe8 15. Na4 Bd6 16. Be3 Nd7 17. Rd2 Bxb3 18. axb3 b5 19. Nc3 Nb6 20. Rhd1 Rad8
21. Ne2 h5 22. Ng3 g6 23. Bg5 Be7 24. Bxe7 Rxd2 25. Kxd2 Rxe7 26. Ke3 Rd7 27.
Ra1 Kb7 28. Ke2 Na8 29. Nf1 Nc7 30. Ne3 Ne6 31. g3 Nd4+ 32. Kf2 Nxc2 {Normal}
0-1

[Event "Rated Blitz game"]
[Site "?"]
[Date "2021.02.14"]
[Round "?"]
[White "highway_star"]
[Black "TheWolfSpur"]
[Result "0-1"]
[WhiteElo "2358"]
[BlackElo "2402"]
[PlyCount "70"]
[EventDate "2021.??.??"]
[EventType "blitz"]
[TimeControl "180"]

1. e4 e5 2. Nf3 Nc6 3. Nc3 Nf6 4. Nxe5 Nxe5 5. d4 Ng6 6. e5 Ng8 7. Bc4 d5 8.
Bxd5 c6 9. Be4 N8e7 10. Qd3 Be6 11. f4 Qd7 12. O-O Bf5 13. Be3 h5 14. Rad1 Rd8
15. g3 h4 16. Bxf5 Nxf5 17. Ne4 hxg3 18. hxg3 Be7 19. c3 Kf8 20. Qe2 Nxe3 21.
Qxe3 Qh3 22. Rd2 Nh4 23. Kf2 Nf5 24. Qf3 g6 25. Ke1 Kg7 26. Rg2 c5 27. Nf2 Qh7
28. Rh1 Qxh1+ 29. Nxh1 Rxh1+ 30. Ke2 cxd4 31. Qxb7 dxc3 32. bxc3 Rhd1 33. g4
R8d2+ 34. Kf3 Nh4+ 35. Ke4 Re1+ {Normal} 0-1

[Event "Rated Blitz game"]
[Site "?"]
[Date "2021.02.14"]
[Round "?"]
[White "lederman"]
[Black "Papa_1960"]
[Result "1-0"]
[WhiteElo "2396"]
[BlackElo "2523"]
[PlyCount "39"]
[EventDate "2021.??.??"]
[EventType "blitz"]
[TimeControl "180+2"]

1. e4 e5 2. Nc3 Nf6 3. Nf3 Nc6 4. Nxe5 Nxe5 5. d4 Ng6 6. e5 Ng8 7. Bc4 d5 8.
Bxd5 N8e7 9. Bb3 c6 10. O-O Be6 11. f4 Nf5 12. Ne2 h5 13. c4 b5 14. d5 bxc4 15.
dxe6 cxb3 16. exf7+ Kxf7 17. Qxb3+ Qd5 18. Qc2 Bc5+ 19. Kh1 h4 20. Qxf5+ {
Normal} 1-0

[Event "Rated Blitz game"]
[Site "?"]
[Date "2021.02.14"]
[Round "?"]
[White "lederman"]
[Black "AM1978"]
[Result "1-0"]
[WhiteElo "2400"]
[BlackElo "2425"]
[PlyCount "67"]
[EventDate "2021.??.??"]
[EventType "blitz"]
[TimeControl "180+2"]

1. e4 e5 2. Nc3 Nf6 3. Nf3 Nc6 4. Nxe5 Nxe5 5. d4 Nc6 6. e5 Ng8 7. Bc4 Na5 8.
Bd3 d5 9. O-O Nc6 10. Be3 g6 11. f4 Nge7 12. g4 Bh6 13. Qf3 O-O 14. Kh1 Nb4 15.
f5 Bxe3 16. Qxe3 Nxd3 17. f6 Kh8 18. fxe7 Qxe7 19. cxd3 Be6 20. Rf6 c6 21. Raf1
Rae8 22. g5 Kg7 23. R1f4 Rh8 24. Ne2 h6 25. Qg3 hxg5 26. Qxg5 Rh5 27. Qg1 Reh8
28. Rf2 Qb4 29. Rg2 R8h6 30. Nf4 Bh3 31. Nxh5+ Rxh5 32. Rgxg6+ Kf8 33. Rg8+ Ke7
34. Rxf7+ {Normal} 1-0

[Event "Rated Blitz game"]
[Site "?"]
[Date "2021.02.13"]
[Round "?"]
[White "maximsnigurov"]
[Black "Bugzilla"]
[Result "1-0"]
[WhiteElo "2563"]
[BlackElo "2571"]
[PlyCount "65"]
[EventDate "2021.??.??"]
[EventType "blitz"]
[TimeControl "180"]

1. e4 e5 2. Nf3 Nc6 3. Nc3 Nf6 4. Nxe5 Nxe5 5. d4 Nc6 6. d5 Nb8 7. e5 Ng8 8. d6
Nc6 9. Nb5 cxd6 10. exd6 Qf6 11. Bc4 Qe5+ 12. Be3 Nf6 13. O-O Kd8 14. Re1 Qf5
15. Nxa7 Qa5 16. Nb5 b6 17. c3 Ba6 18. b4 Qxb5 19. Bxb5 Bxb5 20. Bxb6+ Kc8 21.
a4 Bc4 22. b5 Nd8 23. Qd4 Kb7 24. Qxc4 Rc8 25. Bc7 Bxd6 26. b6 Ne6 27. Reb1 Bc5
28. a5 Rxc7 29. a6+ Kc6 30. Qb5+ Kd6 31. Rd1+ Ke7 32. bxc7 d6 33. Qb7 {Normal}
1-0

[Event "Rated Blitz game"]
[Site "?"]
[Date "2021.02.13"]
[Round "?"]
[White "Rauchbach"]
[Black "jpboyeras"]
[Result "0-1"]
[WhiteElo "2362"]
[BlackElo "2482"]
[PlyCount "40"]
[EventDate "2021.??.??"]
[EventType "blitz"]
[TimeControl "180"]

1. e4 e5 2. Nf3 Nc6 3. Nc3 Nf6 4. Nxe5 Nxe5 5. d4 Nc6 6. d5 Bb4 7. dxc6 Nxe4 8.
Qg4 Qe7 9. Qxg7 Nxc3+ 10. Be3 Nd5+ 11. c3 Rf8 12. O-O-O dxc6 13. cxb4 Nxe3 14.
Re1 Be6 15. Rxe3 O-O-O 16. Bc4 Qxb4 17. Bxe6+ fxe6 18. Kb1 Rxf2 19. Rxe6 b6 20.
Rxc6 Qe4+ {Normal} 0-1

[Event "Rated Blitz game"]
[Site "?"]
[Date "2021.02.12"]
[Round "?"]
[White "highway_star"]
[Black "Zombieblitz"]
[Result "0-1"]
[WhiteElo "2300"]
[BlackElo "2416"]
[PlyCount "88"]
[EventDate "2021.??.??"]
[EventType "blitz"]
[TimeControl "180"]

1. e4 e5 2. Nf3 Nc6 3. Nc3 Nf6 4. Nxe5 Nxe5 5. d4 Nc6 6. d5 Bb4 7. dxc6 Nxe4 8.
Qd4 Bxc3+ 9. bxc3 O-O 10. Be3 d5 11. cxb7 Bxb7 12. Rb1 c5 13. Qd3 Bc6 14. Be2
Qf6 15. O-O Nxc3 16. Bxc5 Nxb1 17. Bxf8 Nc3 18. Bb4 Nxe2+ 19. Qxe2 d4 20. Qg4
h6 21. Rd1 Rd8 22. Bc5 Rd5 23. Bxd4 Rg5 24. Bxf6 Rxg4 25. Be5 Rxg2+ 26. Kf1 Rg5
27. f4 Rg2 28. c4 Rxa2 29. Rd6 Bf3 30. c5 Rc2 31. Rd8+ Kh7 32. Bd6 a6 33. Rd7
Kg6 34. Ra7 f6 35. Bf8 Kf5 36. Rxg7 h5 37. Ra7 h4 38. Ke1 Rxh2 39. Rxa6 Re2+
40. Kf1 h3 41. Bg7 h2 42. Rxf6+ Kg4 43. Rh6 Re7 44. Be5 h1=Q+ {Normal} 0-1

[Event "Rated Blitz game"]
[Site "?"]
[Date "2021.02.12"]
[Round "?"]
[White "levmiseri"]
[Black "teddyhh"]
[Result "0-1"]
[WhiteElo "2237"]
[BlackElo "2411"]
[PlyCount "138"]
[EventDate "2021.??.??"]
[EventType "blitz"]
[TimeControl "180"]

1. e4 e5 2. Nf3 Nc6 3. Nc3 Nf6 4. Nxe5 Nxe5 5. d4 Nc6 6. d5 Bb4 7. dxc6 Nxe4 8.
Qd4 Qe7 9. Be2 O-O 10. Be3 dxc6 11. O-O Bxc3 12. bxc3 Rd8 13. Qc4 Bf5 14. Bd3
Nd6 15. Qf4 Bg6 16. Rfe1 Re8 17. Rab1 Qd7 18. Red1 b6 19. h3 c5 20. Re1 Qe6 21.
a4 Rad8 22. Rbd1 Bxd3 23. cxd3 Qb3 24. Bd2 Re6 25. Kh2 Rde8 26. Qf3 Rxe1 27.
Rxe1 Rxe1 28. Bxe1 Qxa4 29. d4 cxd4 30. cxd4 Qe8 31. Bb4 Qe4 32. Qd1 a5 33. Ba3
Qf4+ 34. g3 Qe4 35. Kg1 Qd5 36. Qc1 h6 37. Qxc7 Nb5 38. Qb8+ Kh7 39. Bb2 Nxd4
40. Qxb6 Nf3+ 41. Kf1 Qd1+ 42. Kg2 Ne1+ 43. Kf1 Nd3+ 44. Kg2 Nxb2 45. Qxb2 Qd5+
46. f3 Qd3 47. Qf2 a4 48. Qa2 Qb3 49. Qd2 a3 50. h4 Qb2 51. Qxb2 axb2 52. Kh3
b1=Q 53. g4 Qd3 54. Kg3 g5 55. h5 Qe3 56. Kg2 Qf4 57. Kf2 f5 58. Kg2 fxg4 59.
fxg4 Qxg4+ 60. Kf2 Qxh5 61. Kg1 Qg6 62. Kf2 g4 63. Ke1 Qf5 64. Kd2 Qf3 65. Kc2
g3 66. Kd2 g2 67. Kc2 g1=Q 68. Kd2 Qgg2+ 69. Ke1 Qff1# {Normal} 0-1

[Event "Rated Blitz game"]
[Site "?"]
[Date "2021.02.12"]
[Round "?"]
[White "Olarov-crybaby"]
[Black "stvngrnrt"]
[Result "0-1"]
[WhiteElo "2326"]
[BlackElo "2452"]
[PlyCount "50"]
[EventDate "2021.??.??"]
[EventType "blitz"]
[TimeControl "180"]

1. e4 e5 2. Nf3 Nc6 3. Nc3 Nf6 4. Nxe5 Nxe5 5. d4 Ng6 6. e5 Ng8 7. Bc4 Bb4 8.
O-O Bxc3 9. bxc3 N8e7 10. f4 d5 11. Bd3 Bf5 12. g4 Bxd3 13. Qxd3 Nc6 14. f5
Nge7 15. f6 Qd7 16. fxe7 Qxg4+ 17. Qg3 Qxg3+ 18. hxg3 Nxe7 19. Ba3 h5 20. Rab1
b6 21. Rf4 g6 22. Rbf1 Nf5 23. Kg2 Kd7 24. g4 hxg4 25. Rxg4 Ne3+ {Time forfeit}
0-1

[Event "Rated Blitz tournament 65VzjTYH"]
[Site "?"]
[Date "2021.02.12"]
[Round "?"]
[White "jasajokijin"]
[Black "calonsarjana"]
[Result "1/2-1/2"]
[WhiteElo "2425"]
[BlackElo "2217"]
[PlyCount "31"]
[EventDate "2021.??.??"]
[EventType "blitz"]
[TimeControl "180"]

1. e4 e5 2. Nc3 Nc6 3. Nf3 Nf6 4. Nxe5 Nxe5 5. d4 Nxe4 6. Nxe4 Ng6 7. Bd3 d5 8.
Ng3 Bd6 9. O-O O-O 10. Qf3 c6 11. Re1 Be6 12. c3 Qd7 13. Qh5 Rfe8 14. Qd1 Bxg3
15. hxg3 Bf5 16. Be3 {Normal} 1/2-1/2

[Event "Rated Blitz game"]
[Site "?"]
[Date "2021.02.11"]
[Round "?"]
[White "Rauchbach"]
[Black "TheRigos"]
[Result "0-1"]
[WhiteElo "2385"]
[BlackElo "2456"]
[PlyCount "46"]
[EventDate "2021.??.??"]
[EventType "blitz"]
[TimeControl "180"]

1. e4 e5 2. Nf3 Nc6 3. Nc3 Nf6 4. Nxe5 Nxe5 5. d4 Nc6 6. d5 Ne5 7. f4 Ng6 8. e5
Bb4 9. exf6 Qxf6 10. Qf3 d6 11. Bb5+ c6 12. dxc6 O-O 13. cxb7 Bxb7 14. Qxb7
Bxc3+ 15. Kf2 Bd4+ 16. Kf1 Rab8 17. Qd5 Nxf4 18. Qf3 Rxb5 19. Bxf4 Rf5 20. g3
g5 21. Qg4 h5 22. Qxh5 gxf4 23. Qg4+ Rg5 {Normal} 0-1

[Event "Rated Blitz tournament XbqwSRIO"]
[Site "?"]
[Date "2021.02.11"]
[Round "?"]
[White "Starinov"]
[Black "Ezinez"]
[Result "0-1"]
[WhiteElo "2442"]
[BlackElo "2413"]
[PlyCount "134"]
[EventDate "2021.??.??"]
[EventType "blitz"]
[TimeControl "180"]

1. e4 e5 2. Nf3 Nc6 3. Nc3 Nf6 4. Nxe5 Nxe5 5. d4 Nc6 6. d5 Ne5 7. f4 Bd6 8.
fxe5 Bxe5 9. Bd3 d6 10. Qf3 Bg4 11. Qf2 a6 12. Bd2 Qe7 13. h3 Bd7 14. O-O-O Nh5
15. Ne2 b5 16. g4 Nf6 17. Nd4 b4 18. Rhg1 a5 19. Nf5 Bxf5 20. gxf5 a4 21. Kb1
b3 22. cxb3 axb3 23. axb3 Qd7 24. Qe2 Rb8 25. Bc4 Kf8 26. Bc3 Qe7 27. Rge1 Bxc3
28. bxc3 Qe5 29. Kb2 h5 30. Qd2 h4 31. Qd4 Qh2+ 32. Rd2 Qxh3 33. e5 dxe5 34.
Qxe5 Qg3 35. Qe7+ Kg8 36. d6 cxd6 37. Bxf7+ Kh7 38. Bg6+ Kh6 39. Qxd6 Rhd8 40.
Qxg3 Rxd2+ 41. Kc1 hxg3 42. Kxd2 Rxb3 43. Kd3 Kg5 44. Kd4 Kg4 45. c4 g2 46. c5
Kg3 47. c6 Rb4+ 48. Kc5 Rb2 49. c7 Rc2+ 50. Kd6 Kf2 51. Rb1 g1=Q 52. Rxg1 Kxg1
53. Bf7 Kf2 54. Be6 Ne8+ 55. Ke7 Nxc7 56. Kf7 Re2 57. Bd7 Rd2 58. Bc6 Rd6 59.
Bb7 Rf6+ 60. Kxg7 Rxf5 61. Kg6 Rf4 62. Kg5 Ne6+ 63. Kg6 Kg3 64. Bc8 Nd4 65. Kg5
Nf3+ 66. Kg6 Kh4 67. Bd7 Ne5+ {Normal} 0-1

[Event "Rated Blitz game"]
[Site "?"]
[Date "2021.02.11"]
[Round "?"]
[White "FallschirmSpringer"]
[Black "Chesstomioka"]
[Result "0-1"]
[WhiteElo "2506"]
[BlackElo "2541"]
[PlyCount "108"]
[EventDate "2021.??.??"]
[EventType "blitz"]
[TimeControl "180"]

1. e4 e5 2. Nf3 Nc6 3. Nc3 Nf6 4. Nxe5 Nxe5 5. d4 Nc6 6. d5 Bb4 7. dxc6 bxc6 8.
Bd3 d5 9. exd5 cxd5 10. O-O O-O 11. Bg5 c6 12. h3 Rb8 13. Qf3 Bd6 14. Rab1 h6
15. Bd2 Bc7 16. Ne2 Ne4 17. Bf4 Ng5 18. Qg3 Bxf4 19. Nxf4 Rb4 20. a3 Rb6 21. b3
c5 22. Rbd1 Rd6 23. h4 Nh7 24. Nh5 g6 25. Nf4 Kh8 26. Rfe1 d4 27. Bc4 Bb7 28.
Re5 Rf6 29. Rde1 Qd6 30. Nd3 Kg7 31. Nxc5 Ba8 32. Ne4 Bxe4 33. R1xe4 Rd8 34.
Bd3 Nf8 35. Ra5 Qb6 36. Rae5 Qd6 37. a4 Ne6 38. Kh2 Nc5 39. Re1 Nxd3 40. cxd3
Qb4 41. R1e4 Qxb3 42. h5 Qxa4 43. Re7 Qb3 44. Qe5 Rdd6 45. hxg6 Kxg6 46. Rg4+
Kh7 47. Qe4+ Rg6 48. Rxg6 Rxg6 49. Qf5 Kg7 50. Re5 Qb8 51. g3 Qd6 52. Qe4 Qf6
53. Re7 Qxf2+ 54. Kh3 Qxg3# {Normal} 0-1

[Event "Rated Blitz tournament iSVw6MwF"]
[Site "?"]
[Date "2021.02.11"]
[Round "?"]
[White "Raffael89"]
[Black "masterofpuppets2"]
[Result "0-1"]
[WhiteElo "2278"]
[BlackElo "2516"]
[PlyCount "32"]
[EventDate "2021.??.??"]
[EventType "blitz"]
[TimeControl "300"]

1. Nc3 Nf6 2. e4 e5 3. Nf3 Nc6 4. Nxe5 Nxe5 5. d4 Bd6 6. dxe5 Bxe5 7. Bd3 d6 8.
O-O O-O 9. Be3 Ng4 10. Bd2 Bxh2+ 11. Kh1 Qh4 12. g3 Bxg3+ 13. Kg2 Qh2+ 14. Kf3
Ne5+ 15. Ke2 Bg4+ 16. Ke3 Bf4+ {Normal} 0-1

[Event "Rated Blitz game"]
[Site "?"]
[Date "2021.02.11"]
[Round "?"]
[White "FallschirmSpringer"]
[Black "Semenychev_Alexander"]
[Result "1-0"]
[WhiteElo "2509"]
[BlackElo "2466"]
[PlyCount "26"]
[EventDate "2021.??.??"]
[EventType "blitz"]
[TimeControl "180"]

1. e4 e5 2. Nf3 Nf6 3. Nc3 Nc6 4. Nxe5 Nxe5 5. d4 Ng6 6. e5 Ng8 7. Bc4 d6 8.
Qf3 Be6 9. Qxb7 N8e7 10. Nb5 Bc8 11. Nxc7+ Kd7 12. Bb5+ Nc6 13. Qxc6+ Ke7 {
Normal} 1-0

[Event "Rated Blitz game"]
[Site "?"]
[Date "2021.02.11"]
[Round "?"]
[White "kahvitauko"]
[Black "darthpetrov2000"]
[Result "1-0"]
[WhiteElo "2403"]
[BlackElo "2533"]
[PlyCount "75"]
[EventDate "2021.??.??"]
[EventType "blitz"]
[TimeControl "180"]

1. e4 e5 2. Nf3 Nf6 3. Nc3 Nc6 4. Nxe5 Nxe5 5. d4 Nc6 6. d5 Ne5 7. f4 Ng6 8. e5
Bc5 9. exf6 O-O 10. Bd3 Re8+ 11. Ne4 Qxf6 12. Qe2 Qd8 13. Kd1 d6 14. Re1 Bd7
15. g4 Qh4 16. f5 Ne5 17. Bf4 Nxg4 18. Kc1 Bxf5 19. Bg3 Qh5 20. Kb1 Qg6 21. h3
Ne3 22. Nxc5 dxc5 23. Bf4 Bxd3 24. cxd3 c4 25. Bxe3 cxd3 26. Qd2 h6 27. a3 Re5
28. Ka2 Rxd5 29. Rac1 c6 30. Rg1 Qe6 31. Ka1 Kh7 32. Rg3 Re8 33. Rcg1 g6 34.
Bxh6 Qe2 35. Qf4 Rf5 36. Qh4 Rh5 37. Qf6 Kxh6 38. Rxg6+ {Normal} 1-0

[Event "Rated Blitz game"]
[Site "?"]
[Date "2021.02.10"]
[Round "?"]
[White "FallschirmSpringer"]
[Black "gogotaniye"]
[Result "0-1"]
[WhiteElo "2500"]
[BlackElo "2672"]
[PlyCount "98"]
[EventDate "2021.??.??"]
[EventType "blitz"]
[TimeControl "180"]

1. e4 e5 2. Nf3 Nc6 3. Nc3 Nf6 4. Nxe5 Nxe5 5. d4 Nc6 6. d5 Ne5 7. f4 Ng6 8. e5
Bc5 9. exf6 Qxf6 10. Qe2+ Qe7 11. Bd2 O-O 12. O-O-O d6 13. g3 Bf5 14. g4 Qxe2
15. Bxe2 Bd7 16. h4 Rfe8 17. Bf3 Be3 18. f5 Bxd2+ 19. Rxd2 Ne5 20. Bd1 b5 21.
Rg1 a5 22. Rg3 b4 23. Ne2 Nc4 24. Rd4 Ne3 25. Nf4 Re5 26. Nd3 Re7 27. f6 gxf6
28. Nf4 Nxd1 29. Rxd1 Kf8 30. Nh5 f5 31. gxf5 Bxf5 32. Nf6 Re2 33. Rf1 Bg6 34.
h5 Rxc2+ 35. Kd1 Rxb2 36. hxg6 hxg6 37. Ne4 Re8 38. Ng5 Rb1+ 39. Kd2 Rxf1 40.
Rh3 Rf2+ 41. Kd3 Re5 42. Rh7 Rxg5 43. Ke3 Rff5 44. Rh8+ Ke7 45. Rb8 Re5+ 46.
Kd4 Rxd5+ 47. Kc4 Kd7 48. Kb3 Rd3+ 49. Ka4 Ra3# {Normal} 0-1

[Event "Rated Blitz game"]
[Site "?"]
[Date "2021.02.10"]
[Round "?"]
[White "FallschirmSpringer"]
[Black "gogotaniye"]
[Result "0-1"]
[WhiteElo "2493"]
[BlackElo "2678"]
[PlyCount "114"]
[EventDate "2021.??.??"]
[EventType "blitz"]
[TimeControl "180"]

1. e4 e5 2. Nf3 Nc6 3. Nc3 Nf6 4. Nxe5 Nxe5 5. d4 Nc6 6. d5 Ne5 7. f4 Ng6 8. e5
Bc5 9. exf6 O-O 10. Be2 Re8 11. Na4 Bd6 12. Qd4 c5 13. dxc6 dxc6 14. Nc3 c5 15.
Qf2 Qxf6 16. O-O a6 17. Bd2 Qd4 18. Bd3 Qxf2+ 19. Rxf2 b5 20. a4 c4 21. Bf1 Bd7
22. Re2 Nxf4 23. Bxf4 Bxf4 24. Rxe8+ Rxe8 25. axb5 axb5 26. Rd1 Bc6 27. b3 Be5
28. Nd5 cxb3 29. cxb3 Kf8 30. Nb4 Be4 31. Bxb5 Rb8 32. Nc6 Bxc6 33. Bxc6 Rxb3
34. Bf3 g6 35. h3 Rb6 36. Rf1 Rf6 37. Bd5 Bd4+ 38. Kh2 Rxf1 39. Bf3 Be5+ 40. g3
Rxf3 41. Kg2 Rxg3+ 42. Kf2 Rxh3 43. Kg2 Rh5 44. Kg1 Kg7 45. Kg2 f5 46. Kg1 Bf6
47. Kg2 Rg5+ 48. Kf2 h5 49. Kf3 h4 50. Kf4 h3 51. Kf3 h2 52. Kf2 h1=Q 53. Ke2
Rg2+ 54. Kd3 Qh3+ 55. Kc4 Rc2+ 56. Kd5 Qd3+ 57. Ke6 Rc6# {Normal} 0-1

[Event "Rated Blitz game"]
[Site "?"]
[Date "2021.02.10"]
[Round "?"]
[White "FallschirmSpringer"]
[Black "gogotaniye"]
[Result "1-0"]
[WhiteElo "2494"]
[BlackElo "2677"]
[PlyCount "75"]
[EventDate "2021.??.??"]
[EventType "blitz"]
[TimeControl "180"]

1. e4 e5 2. Nf3 Nc6 3. Nc3 Nf6 4. Nxe5 Nxe5 5. d4 Ng6 6. e5 Ng8 7. Bc4 Bb4 8.
Qf3 d5 9. Bxd5 Be6 10. Bxb7 Rb8 11. Bc6+ Kf8 12. Be3 N8e7 13. Be4 Bd5 14. O-O
Bxc3 15. bxc3 Bxe4 16. Qxe4 Qd5 17. Qd3 Nh4 18. f3 Nhf5 19. Bf2 h5 20. c4 Qe6
21. f4 c6 22. Rab1 Rd8 23. c3 g6 24. Rb7 Kg7 25. Rfb1 Rd7 26. h3 h4 27. Qe4
Rhd8 28. Qe2 Rxb7 29. Rxb7 Rd7 30. Rb1 Nd6 31. Bxh4 Nxc4 32. Bf6+ Kh7 33. Rb8
Ng8 34. Bg5 Nb6 35. Qf2 Kg7 36. Qh4 Nd5 37. c4 Nde7 38. Bf6+ {Normal} 1-0

[Event "Rated Blitz game"]
[Site "?"]
[Date "2021.02.10"]
[Round "?"]
[White "Svato"]
[Black "Burnashataman"]
[Result "1-0"]
[WhiteElo "2437"]
[BlackElo "2398"]
[PlyCount "85"]
[EventDate "2021.??.??"]
[EventType "blitz"]
[TimeControl "180"]

1. e4 e5 2. Nf3 Nc6 3. Nc3 Nf6 4. Nxe5 Nxe5 5. d4 Ng6 6. e5 Ng8 7. Bc4 d6 8.
Qf3 Be6 9. Qxb7 Bxc4 10. Qc6+ Ke7 11. Qxc4 Rc8 12. Nd5+ Ke8 13. f4 N8e7 14. O-O
Nxd5 15. Qxd5 c6 16. Qb3 Qb6 17. c3 Qxb3 18. axb3 Rc7 19. f5 dxe5 20. fxg6 hxg6
21. dxe5 Bc5+ 22. Kh1 Ke7 23. b4 Bb6 24. Bg5+ Ke6 25. Rad1 f6 26. exf6 gxf6 27.
Rxf6+ Ke5 28. h3 Rh5 29. Rxg6 Rf7 30. Bc1 Rf2 31. Rxc6 Rhf5 32. Rcd6 Rf1+ 33.
Kh2 Bg1+ 34. Kg3 Bf2+ 35. Kg4 Rxd1 36. Rxd1 Rf8 37. Bg5 Ke4 38. Rd7 Rg8 39.
Re7+ Kd3 40. h4 Kc4 41. h5 Kb3 42. h6 Rh8 43. h7 {Normal} 1-0

[Event "Rated Blitz tournament dfoVLodG"]
[Site "?"]
[Date "2021.02.10"]
[Round "?"]
[White "Starinov"]
[Black "jole99"]
[Result "1-0"]
[WhiteElo "2430"]
[BlackElo "2205"]
[PlyCount "113"]
[EventDate "2021.??.??"]
[EventType "blitz"]
[TimeControl "180"]

1. e4 e5 2. Nf3 Nc6 3. Nc3 Nf6 4. Nxe5 Nxe5 5. d4 Nc6 6. d5 Ne5 7. f4 Ng6 8. e5
Ng8 9. d6 cxd6 10. exd6 Qf6 11. Ne4 Qe6 12. Qe2 f5 13. Ng5 Qxe2+ 14. Bxe2 Bxd6
15. O-O Nf6 16. Bc4 Bc5+ 17. Kh1 d5 18. Re1+ Kd7 19. Bb3 h6 20. Nf3 Re8 21.
Rxe8 Kxe8 22. Bd2 Be6 23. Re1 Kd7 24. Bc3 Nxf4 25. Ne5+ Kd6 26. g3 N4h5 27. Nd3
Ne4 28. Kg2 g5 29. Be5+ Kc6 30. c3 Re8 31. Bd1 g4 32. Nxc5 Nxc5 33. Bc2 Ne4 34.
Bd4 Nhf6 35. Bxa7 Nd7 36. Be3 Bf7 37. Bxh6 Ne5 38. Bf4 Nf3 39. Rd1 Nc5 40. Kf2
Ne4+ 41. Kg2 b5 42. h4 Nc5 43. Kf2 Be6 44. Rh1 Ne4+ 45. Kf1 d4 46. Bxe4+ fxe4
47. cxd4 Nxd4 48. Kf2 Kd5 49. Rd1 Rc8 50. Ke3 Rc4 51. Bg5 Ke5 52. Bf4+ Kd5 53.
Bh6 Kc5 54. Bf8+ Kd5 55. Bg7 Kc5 56. Bxd4+ Rxd4 57. Rxd4 {Normal} 1-0

[Event "Rated Blitz game"]
[Site "?"]
[Date "2021.02.10"]
[Round "?"]
[White "FallschirmSpringer"]
[Black "fabielvi"]
[Result "0-1"]
[WhiteElo "2551"]
[BlackElo "2645"]
[PlyCount "130"]
[EventDate "2021.??.??"]
[EventType "blitz"]
[TimeControl "180+2"]

1. e4 e5 2. Nf3 Nc6 3. Nc3 Nf6 4. Nxe5 Nxe5 5. d4 Ng6 6. e5 Bb4 7. exf6 Qxf6 8.
Qe2+ Ne7 9. Bd2 Qxd4 10. O-O-O O-O 11. Nb5 Bxd2+ 12. Rxd2 Qc5 13. Nxc7 Rb8 14.
Nb5 d5 15. Nd4 Nc6 16. Qb5 Qd6 17. Be2 Bd7 18. Qb3 Nxd4 19. Rxd4 Qf6 20. Qxd5
Bc6 21. Qd6 Qxf2 22. Bd3 Qxg2 23. Rf1 Qg5+ 24. Kb1 Rbd8 25. Qb4 a5 26. Qc3 Rxd4
27. Qxd4 a4 28. Rg1 Rd8 29. Qf2 Qe7 30. a3 g6 31. h4 Re8 32. Rf1 h5 33. Qf4 Qe6
34. Bc4 Bd5 35. Bd3 Qg4 36. Qf6 Be6 37. Qf2 Rd8 38. Qf6 Rc8 39. Qf2 Rd8 40. Qf6
Re8 41. Qf2 Rf8 42. Qf6 Qg3 43. Qe7 Rc8 44. Qxb7 Qc7 45. Qf3 Rb8 46. Qf6 Qd8
47. Bxg6 Qxf6 48. Rxf6 Kg7 49. Rf4 fxg6 50. Rxa4 Bg4 51. Rd4 g5 52. hxg5 Kg6
53. b4 Kxg5 54. c4 h4 55. c5 h3 56. Rd2 Bf3 57. Rh2 Bg2 58. Kc2 Kf4 59. Kc3 Kg3
60. Rxh3+ Kxh3 61. Kc4 Kg4 62. a4 Kf5 63. b5 Ke6 64. c6 Bxc6 65. bxc6 Kd6 {
Normal} 0-1

[Event "Rated Blitz game"]
[Site "?"]
[Date "2021.02.09"]
[Round "?"]
[White "vladlitus"]
[Black "kichot"]
[Result "0-1"]
[WhiteElo "2384"]
[BlackElo "2478"]
[PlyCount "70"]
[EventDate "2021.??.??"]
[EventType "blitz"]
[TimeControl "180"]

1. e4 e5 2. Nc3 Nf6 3. Nf3 Nc6 4. Nxe5 Nxe5 5. d4 Ng6 6. e5 Ng8 7. Bc4 d5 8.
Bxd5 N8e7 9. Be4 Nf5 10. Be3 c5 11. Bxf5 Bxf5 12. Qf3 cxd4 13. O-O-O Qc8 14.
Rxd4 Be7 15. g4 Be6 16. h4 O-O 17. Qg3 Bc5 18. h5 Bxd4 19. Bxd4 Ne7 20. h6 g6
21. Qh4 f6 22. exf6 Nc6 23. Bc5 Rf7 24. g5 Qc7 25. Re1 Re8 26. Qa4 Bd7 27.
Rxe8+ Bxe8 28. f4 b6 29. Be7 Qd7 30. Ba3 Qd4 31. Qxd4 Nxd4 32. Nd5 Rd7 33. Ne7+
Kf7 34. c3 Ne2+ 35. Kc2 Nxf4 {Normal} 0-1